00546nam a2200181 a 45000010010000000030011000100080041000210350026000620820014000881000018001022450061001202600034001816500012002159420012002279520090002399980020003299990015003490000-8986ELIB.Books110520 1993  a(ELIB.Books)0000-9135 a266 bSan aSanneh, Lamin aTranslating the Message the Missionary Impact on Culture bMaryknoll: Orbis Books c1993 aMission 2ddccBK 00102ddc4070aKBTSbKBTSd2011-05-20l0p2905r2022-01-22 00:00:00w2022-01-22yBK cbate2011-05-20 c8986d8986